|
|
|
|
| LEADER |
00000nam a22000007a 4500 |
| 005 |
20210908230257.0 |
| 007 |
cr|||| |||| |
| 008 |
210908s2011 ca |||||s|||| 00||0 eng d |
| 020 |
|
|
|a 9781552212110
|
| 035 |
|
|
|a 35384
|
| 040 |
|
|
|a vLex
|
| 090 |
|
|
|c 12344
|d 12344
|
| 245 |
0 |
0 |
|a Special Lectures 2010
|h [Recurso electrn̤ico] :
|b A Medical-Legal Approach to Estate Planning and Decision Making for Older Clients
|
| 256 |
|
|
|a Servicio en ln̕ea
|
| 260 |
|
|
|a Toronto:
|b Irwin Law Inc.,
|c 2011
|
| 300 |
|
|
|a 1 recurso electrn̤ico
|
| 500 |
|
|
|a This year’s volume contains an interdisciplinary, medical-legal program that was designed to teach legal professionals how their practices can benefit from the synergies that exist among the legal, health, and care-giving professions when advising the increasing population of older adults and their families in matters relating to estate planning, decision making and dispute resolution.
|
| 506 |
1 |
|
|a Disponible solo en los productos indicados
|d vLex Global
|d vLex Global (Academic Edition, excluding Law Schools)
|d vLex Global (U.S. Academic Edition, Law Schools)
|d vLex Global (U.S. Academic Edition, excluding Law Schools)
|d vLex Global (Academic Edition, Law Schools)
|
| 650 |
0 |
4 |
|a Derecho Comunitario
|z Canad̀
|
| 650 |
0 |
4 |
|a Medicina
|z Canad̀
|
| 740 |
0 |
|
|a vLex Libros (Servicio en ln̕ea)
|
| 856 |
4 |
0 |
|u https://app.vlex.com/#/sources/35384
|z Acceso restringido
|
| 942 |
|
|
|c BOOK
|
| 999 |
0 |
|
|a Community Law
|
| 999 |
0 |
|
|a Medicine
|